College Handbook of TV News Production and Creative Writing (Record no. 13149)

MARC details
000 -LEADER
fixed length control field 00378nam a22001457a 4500
003 - CONTROL NUMBER IDENTIFIER
control field SGT
020 ## - INTERNATIONAL STANDARD BOOK NUMBER
International Standard Book Number 8178884623
082 ## - DEWEY DECIMAL CLASSIFICATION NUMBER
Classification number 384.3
Item number C08S
100 ## - MAIN ENTRY--PERSONAL NAME
Personal name SIMON DAS, MULLICK
245 ## - TITLE STATEMENT
Title College Handbook of TV News Production and Creative Writing
260 ## - PUBLICATION, DISTRIBUTION, ETC. (IMPRINT)
Place of publication, distribution, etc NEW DELHI
Name of publisher, distributor, etc DOMINANT PUBLISHER NEW DELHI
Year of Publication 2008
300 ## - PAGE DESCRIPTION
No. of Pages 347
650 ## - SUBJECT ADDED ENTRY--TOPICAL TERM
Topical term or geographic name as entry element MASS COMMUNICATION
942 ## - ADDED ENTRY ELEMENTS (KOHA)
Source of classification or shelving scheme Dewey Decimal Classification
Koha item type Books
Holdings
Withdrawn status Lost status Source of classification or shelving scheme Damaged status Not for loan Collection code Home library Current library Shelving location Date acquired Vendor Name Cost, normal purchase price Volume Information (Serial or Books or Non-Book Material) SGTU Bill Number Total Checkouts Full call number Accession No. (Barcode) Date last seen Bill Date Koha item type
    Dewey Decimal Classification     MASS COMMUNICATION SGT Science & Social Sciences Library SGT Science & Social Sciences Library Reference Book 26/08/2017 INDIAN PUBLISHER NEW DELHI 1850.00 1 SGTU 10   384.3 C08S MC463 26/08/2017 29/04/2017 Books
    Dewey Decimal Classification     MASS COMMUNICATION SGT Science & Social Sciences Library SGT Science & Social Sciences Library Reference Book 26/08/2017 INDIAN PUBLISHER NEW DELHI 1850.00 2 SGTU 10   384.3 C08S MC464 26/08/2017 29/04/2017 Books